Loading...
| Science - Biology | 0 | 7 | 0 | 2 | 70 | 72 | 92.29 | 0 | 5 | 0.00 | 0.00 |
| Science - Chemistry | 0 | 4 | 1 | 1 | 35 | 91 | 105.00 | 0 | 3 | 0.00 | 0.00 |
| Fine Arts - Other | 0 | 3 | 0 | 0 | 30 | 122 | 130.67 | 0 | 3 | 0.00 | 0.00 |
| Literature - American | 0 | 3 | 0 | 1 | 30 | 131 | 137.67 | 1 | 3 | 0.00 | 0.00 |
| History - World | 0 | 2 | 0 | 1 | 20 | 89 | 97.00 | 0 | 2 | 0.00 | 0.00 |
| Fine Arts - Visual | 0 | 2 | 0 | 0 | 20 | 119 | 128.00 | 0 | 1 | 0.00 | 0.00 |
| Literature - British | 0 | 2 | 0 | 0 | 20 | 122 | 126.00 | 0 | 2 | 0.00 | 0.00 |
| Science - Physics | 0 | 3 | 2 | 1 | 20 | 86 | 108.67 | 0 | 2 | 0.00 | 0.00 |
| Philosophy | 0 | 2 | 1 | 1 | 15 | 110 | 120.00 | 0 | 2 | 0.00 | 0.00 |
| Science - Other | 0 | 3 | 3 | 0 | 15 | 112 | 112.33 | 0 | 1 | 0.00 | 0.00 |
| Mythology | 0 | 2 | 1 | 0 | 15 | 85 | 106.00 | 0 | 1 | 0.00 | 0.00 |
| History - American | 0 | 2 | 1 | 0 | 15 | 119 | 123.50 | 0 | 1 | 0.00 | 0.00 |
| Fine Arts - Classical Music | 0 | 3 | 3 | 1 | 15 | 110 | 127.00 | 1 | 1 | 0.00 | 0.00 |
| Social Science | 0 | 2 | 2 | 0 | 10 | 57 | 82.50 | 1 | 1 | 0.00 | 0.00 |
| History - Other | 0 | 1 | 0 | 0 | 10 | 108 | 108.00 | 0 | 0 | 0.00 | 0.00 |
| Religion | 0 | 1 | 1 | 0 | 5 | 129 | 129.00 | 0 | 0 | 0.00 | 0.00 |
| Literature - European | 0 | 0 | 1 | 0 | -5 | 0.00 | 0 | 0 | 0.00 | 0.00 | |
| Geography/Current Events | 0 | 0 | 1 | 0 | -5 | 0.00 | 0 | 0 | 0.00 | 0.00 |